Vista normal
Vista MARC
- Metabolismo
Entrada Materia
Número de registros utilizados en: 1
001 - NÚMERO DE CONTROL
- campo de control: 2333
003 - IDENTIFICADOR DEL NÚMERO DE CONTROL
- campo de control: ES-MaFIAP
005 - FECHA Y HORA DE LA ÚLTIMA TRANSACCIÓN
- campo de control: 20231220131252.0
008 - DATOS DE LONGITUD FIJA
- campo de control de longitud fija: 231220|| aca||aabn | a|a d
040 ## - FUENTE DE LA CATALOGACIÓN
- Centro catalogador/agencia de origen: ES-MaFIAP
- Centro/agencia transcriptor: ES-MaFIAP
150 ## - ENCABEZAMIENTO--TÉRMINO DE MATERIA
- Término de materia o nombre geográfico como elemento de entrada: Metabolismo
- Subdivisión general: Trastornos en niños
670 ## - FUENTE DE DATOS ENCONTRADOS
- Cita de la fuente: Work cat.: (ES-MaFIAP)912: Sanjurjo Crespo, Pablo XX1058212 2332, Estudios lipídico-nutricionales y genéticos para la prevención de deficiencias neurosensoriales del niño y degenerativas del adulto , [2003]





